000 01899cam a2200505 4500
001 21249
003 VRT
005 20260225145715.0
008 231017s2023 xo af j 010 f slo
015 _aSNBA2023/11
020 _a9788057304081
_q(viazané)
039 9 _a202311090903
_bmsnk176
_c202310171001
_dmsnk04
040 _aSNK
_bslo
_cSNK
_erda
041 1 _aslo
_hfre
044 _axo
_cSK
072 7 _a821.133.1-3
_xFrancúzska próza, francúzsky písaná
_2konspekt
072 7 _a821-93
_xLiteratúra pre deti a mládež (beletria)
_2konspekt
080 _a821.133.1-34
_22011
080 _a82-93-053.4/.5
_22011
080 _a(0.025.2)
_22011
100 1 _aSaint-Exupéry, Antoine de,
_d1900-1944
_4aut
_4ill
240 1 3 _aLe petit prince
_lSlovensky
245 1 0 _aMalý princ
_bs kresbami autora
_cAntoine de Saint-Exupéry ; preložila Hana Ponická
250 _aPrvé vydanie
264 1 _aBratislava
_bFortuna Libri
_c2023
300 _a91 strán
_bilustrácie (prevažne farebné), ilustrované listy (prevažne farebné)
_c24 cm
336 _atext
_btxt
_2rdacontent
337 _abez média
_bn
_2rdamedia
338 _azväzok
_bnc
_2rdacarrier
500 _aCelkovo druhé vydanie
500 _aPreložené z francúzštiny
500 _aObsahuje edičnú poznámku
500 _aObsahuje biografické a profesijné údaje o autorovi
655 7 _afrancúzske rozprávky
_2SNKPH
655 7 _aliteratúra pre deti
_2SNKPH
655 7 _aFrench fairy tales
_2SNKPHeng
655 7 _aChildren's literature
_2SNKPHeng
655 7 _ailustrované publikácie
_2SNKPH
655 7 _aIllustrated publications
_2SNKPHeng
700 1 _aPonická, Hana,
_d1922-2007
_4trl
942 _2ddc
_cKLDE
_n0
949 _617A1536061
_asnkSC 203867
_bsnk2023/14955
_o1455/2023
949 _617A1536062
_asnkSC 203867 D1
_bsnk2023/14956
_o1455/2023
999 _c21249
_d21249